Термодинамическое моделирование процесса фтораммонийного разложения лейкоксена Ярегского месторождения; Химия и химическая технология в XXI веке

Podrobná bibliografie
Parent link:Химия и химическая технология в XXI веке.— 2019.— [С. 444-445]
Hlavní autor: Смороков А. А. Андрей Аркадьевич
Korporativní autor: Национальный исследовательский Томский политехнический университет Инженерная школа ядерных технологий Отделение ядерно-топливного цикла
Další autoři: Кантаев А. С. Александр Сергеевич (научный руководитель)
Shrnutí:Заглавие с экрана
Jazyk:ruština
Vydáno: 2019
Edice:Химическая технология редких элементов
Témata:
On-line přístup:http://earchive.tpu.ru/handle/11683/55403
Médium: MixedMaterials Elektronický zdroj Kapitola
KOHA link:https://koha.lib.tpu.ru/cgi-bin/koha/opac-detail.pl?biblionumber=629379

MARC

LEADER 00000naa2a2200000 4500
001 629379
005 20231226112457.0
035 |a (RuTPU)RU\TPU\conf\29989 
035 |a RU\TPU\conf\29988 
090 |a 629379 
100 |a 20190619d2019 k y0rusy50 ca 
101 0 |a rus 
102 |a RU 
105 |a y z 101zy 
135 |a drgn ---uucaa 
181 0 |a i  
182 0 |a b 
200 1 |a Термодинамическое моделирование процесса фтораммонийного разложения лейкоксена Ярегского месторождения  |f А. А. Смороков  |g науч. рук. А. С. Кантаев 
203 |a Текст  |c электронный 
225 1 |a Химическая технология редких элементов 
300 |a Заглавие с экрана 
320 |a [Библиогр.: с. 445 (1 назв.)] 
463 0 |0 (RuTPU)RU\TPU\conf\29907  |t Химия и химическая технология в XXI веке  |o материалы XX Международной научно-практической конференции имени профессора Л. П. Кулёва студентов и молодых ученых, 20–23 мая 2019 г., г. Томск  |f Национальный исследовательский Томский политехнический университет  |v [С. 444-445]  |d 2019 
610 1 |a электронный ресурс 
610 1 |a труды учёных ТПУ 
610 1 |a термодинамическое моделирование 
610 1 |a фтораммонийное разложение 
610 1 |a Ярегское нефтяное месторождение 
610 1 |a равновесные состояния 
610 1 |a минеральное сырье 
610 1 |a лейкоксен 
610 1 |a программное обеспечение 
610 1 |a свободная энергия Гиббса 
700 1 |a Смороков  |b А. А.  |c химик  |c техник-проектировщик Томского политехнического университета  |f 1993-  |g Андрей Аркадьевич  |3 (RuTPU)RU\TPU\pers\33847 
702 1 |a Кантаев  |b А. С.  |c химик-технолог  |c доцент Томского политехнического университета, кандидат наук  |f 1981-  |g Александр Сергеевич  |4 727  |9 12916 
712 0 2 |a Национальный исследовательский Томский политехнический университет  |b Инженерная школа ядерных технологий  |b Отделение ядерно-топливного цикла  |3 (RuTPU)RU\TPU\col\23554 
801 2 |a RU  |b 63413507  |c 20190806  |g RCR 
856 4 |u http://earchive.tpu.ru/handle/11683/55403 
942 |c BK